<?xml version="1.0" encoding="UTF-8"?>
<record
    xmlns:xsi="http://www.w3.org/2001/XMLSchema-instance"
    xsi:schemaLocation="http://www.loc.gov/MARC21/slim http://www.loc.gov/standards/marcxml/schema/MARC21slim.xsd"
    xmlns="http://www.loc.gov/MARC21/slim">

  <leader>00329nam a2200145Ia 4500</leader>
  <controlfield tag="003">OSt</controlfield>
  <controlfield tag="008">191201s2019    xx            000 0 und d</controlfield>
  <datafield tag="082" ind1=" " ind2=" ">
    <subfield code="a">004.678</subfield>
    <subfield code="b">SRI</subfield>
  </datafield>
  <datafield tag="100" ind1=" " ind2=" ">
    <subfield code="a">SRINIVASA, K.G.</subfield>
  </datafield>
  <datafield tag="245" ind1=" " ind2="0">
    <subfield code="a">Internet of Things</subfield>
  </datafield>
  <datafield tag="260" ind1=" " ind2=" ">
    <subfield code="b">Cengage Learning</subfield>
    <subfield code="c">2019</subfield>
  </datafield>
  <datafield tag="300" ind1=" " ind2=" ">
    <subfield code="a">441</subfield>
  </datafield>
  <datafield tag="650" ind1=" " ind2=" ">
    <subfield code="a">B.Tech(CSE)</subfield>
  </datafield>
  <datafield tag="942" ind1=" " ind2=" ">
    <subfield code="2">ddc</subfield>
    <subfield code="c">BK</subfield>
  </datafield>
  <datafield tag="999" ind1=" " ind2=" ">
    <subfield code="c">6973</subfield>
    <subfield code="d">6973</subfield>
  </datafield>
  <datafield tag="952" ind1=" " ind2=" ">
    <subfield code="0">0</subfield>
    <subfield code="1">0</subfield>
    <subfield code="2">ddc</subfield>
    <subfield code="4">0</subfield>
    <subfield code="7">0</subfield>
    <subfield code="8">BTECHCSE</subfield>
    <subfield code="a">PIET</subfield>
    <subfield code="b">PIET</subfield>
    <subfield code="d">2020-07-21</subfield>
    <subfield code="e">Kirti Prakashan</subfield>
    <subfield code="g">425.00</subfield>
    <subfield code="k">IN 3910</subfield>
    <subfield code="l">0</subfield>
    <subfield code="o">004.678 SRI</subfield>
    <subfield code="p">30983</subfield>
    <subfield code="r">2019-12-04 00:00:00</subfield>
    <subfield code="v">297.50</subfield>
    <subfield code="w">2019-05-18</subfield>
    <subfield code="y">REF</subfield>
  </datafield>
  <datafield tag="952" ind1=" " ind2=" ">
    <subfield code="0">0</subfield>
    <subfield code="1">0</subfield>
    <subfield code="2">ddc</subfield>
    <subfield code="4">0</subfield>
    <subfield code="7">0</subfield>
    <subfield code="8">BTECHCSE</subfield>
    <subfield code="a">PIET</subfield>
    <subfield code="b">PIET</subfield>
    <subfield code="d">2020-07-21</subfield>
    <subfield code="e">Kirti Prakashan</subfield>
    <subfield code="g">425.00</subfield>
    <subfield code="k">IN 3910</subfield>
    <subfield code="l">1</subfield>
    <subfield code="o">004.678 SRI</subfield>
    <subfield code="p">30984</subfield>
    <subfield code="r">2022-06-20 00:00:00</subfield>
    <subfield code="s">2022-03-09</subfield>
    <subfield code="v">297.50</subfield>
    <subfield code="w">2019-05-18</subfield>
    <subfield code="y">BK</subfield>
  </datafield>
  <datafield tag="952" ind1=" " ind2=" ">
    <subfield code="0">0</subfield>
    <subfield code="1">0</subfield>
    <subfield code="2">ddc</subfield>
    <subfield code="4">0</subfield>
    <subfield code="7">0</subfield>
    <subfield code="8">BTECHCSE</subfield>
    <subfield code="a">PIET</subfield>
    <subfield code="b">PIET</subfield>
    <subfield code="d">2020-07-21</subfield>
    <subfield code="e">Kirti Prakashan</subfield>
    <subfield code="g">425.00</subfield>
    <subfield code="k">IN 3910</subfield>
    <subfield code="l">1</subfield>
    <subfield code="o">004.678 SRI</subfield>
    <subfield code="p">30985</subfield>
    <subfield code="r">2021-12-29 00:00:00</subfield>
    <subfield code="s">2021-12-14</subfield>
    <subfield code="v">297.50</subfield>
    <subfield code="w">2019-05-18</subfield>
    <subfield code="y">BK</subfield>
  </datafield>
  <datafield tag="952" ind1=" " ind2=" ">
    <subfield code="0">0</subfield>
    <subfield code="1">0</subfield>
    <subfield code="2">ddc</subfield>
    <subfield code="4">0</subfield>
    <subfield code="7">0</subfield>
    <subfield code="8">BTECHCSE</subfield>
    <subfield code="a">PIET</subfield>
    <subfield code="b">PIET</subfield>
    <subfield code="d">2020-07-21</subfield>
    <subfield code="e">Kirti Prakashan</subfield>
    <subfield code="g">425.00</subfield>
    <subfield code="k">IN 3910</subfield>
    <subfield code="l">1</subfield>
    <subfield code="o">004.678 SRI</subfield>
    <subfield code="p">30986</subfield>
    <subfield code="r">2021-11-09 00:00:00</subfield>
    <subfield code="s">2021-10-26</subfield>
    <subfield code="v">297.50</subfield>
    <subfield code="w">2019-05-18</subfield>
    <subfield code="y">BK</subfield>
  </datafield>
  <datafield tag="952" ind1=" " ind2=" ">
    <subfield code="0">0</subfield>
    <subfield code="1">0</subfield>
    <subfield code="2">ddc</subfield>
    <subfield code="4">0</subfield>
    <subfield code="7">0</subfield>
    <subfield code="8">BTECHCSE</subfield>
    <subfield code="a">PIET</subfield>
    <subfield code="b">PIET</subfield>
    <subfield code="d">2020-07-21</subfield>
    <subfield code="e">Kirti Prakashan</subfield>
    <subfield code="g">425.00</subfield>
    <subfield code="k">IN 3910</subfield>
    <subfield code="l">1</subfield>
    <subfield code="o">004.678 SRI</subfield>
    <subfield code="p">30987</subfield>
    <subfield code="r">2022-06-20 00:00:00</subfield>
    <subfield code="s">2022-06-03</subfield>
    <subfield code="v">297.50</subfield>
    <subfield code="w">2019-05-18</subfield>
    <subfield code="y">BK</subfield>
  </datafield>
</record>
